3016-御所市(奈良県)の駅 - Statistics

General Stats
  • This quiz has been taken 5 times
  • The average score is 4 of 7
Answer Stats
Answer % Correct
近鉄御所
100%
吉野口
80%
吉野口
80%
御所
60%
掖上
40%
玉手
20%
20%
No matching quizzes found
Score Distribution
Percent of People with Each Score
Percentile by Number Answered
Your Score History
You have not taken this quiz